[Event "Ch Europe (juniors)"]
[Site "masterchessopen.com Arnhem (Netherlands)"]
[Round "4"]
[White "Wahls Matthias (GER)"]
[Black "Ryan Joseph (IRL)"]
[Result "1-0"]
[WhiteElo "2515"]
[BlackElo "2288"]

1.e4 e5 2.Nf3 Nc6 3.Bb5 a6 4.Ba4 Nf6 5.O-O Be7 6.Re1 b5 7.Bb3 d6 8.c3 O-O 9.h3
Nb8 10.d4 Nbd7 11.Nbd2 Bb7 12.Bc2 Re8 13.b3 Bf8 14.d5 g6 15.Nf1 Nh5 16.g3 c5
17.N3h2 Bg7 18.Ng4 Kh8 19.Nh6 Rf8 20.a4 Ndf6 21.axb5 axb5 22.Rxa8 Bxa8 23.Qe2
Qd7 24.Ng4 Ne8 25.Bd2 f5 26.exf5 gxf5 27.Nge3 f4 28.Qxh5 Nf6 29.Qh4 fxe3
30.Nxe3 Qf7 31.c4 b4 32.g4 h5 33.g5 Rg8 34.Kh2 Ne8 35.Bf5 Nc7 36.g6 Qf8
37.Qxh5+ {#r} 1-0

[Event "Ch Netherlands (corr.)"]
[Site "masterchessopen.com corr."]
[Round "0"]
[White "Stigar Petter (NOR)"]
[Black "Romsdal Trond (NOR)"]
[Result "1-0"]
[WhiteElo "2298"]
[BlackElo "2138"]

1.e4 e5 2.Nf3 Nc6 3.Bb5 a6 4.Ba4 Nf6 5.O-O Be7 6.Re1 b5 7.Bb3 d6 8.c3 O-O 9.h3
Nb8 10.d4 Nbd7 11.Nbd2 Bb7 12.Bc2 c5 13.Nf1 Re8 14.Ng3 Bf8 15.d5 g6 16.Bg5 h6
17.Be3 Bg7 18.a4 c4 19.Qd2 Kh7 20.Rf1 Qc7 21.Nh2 Nc5 22.f4 Nfd7 23.f5 Nf6
24.Ng4 Ng8 25.Qe2 Rf8 26.f6 Bh8 27.Bxh6 Nxh6 28.Nxh6 Kxh6 29.Qg4 Bxf6 30.Rxf6
Bc8 31.Nf5+ Bxf5 32.exf5 Kg7 33.fxg6 Kxf6 34.Qh4+ {#r} 1-0

[Event "Bundesliga 1988/89 (2nd)"]
[Site "masterchessopen.com Germany"]
[Round "0"]
[White "Schlehoefer Ralf (GER)"]
[Black "Luetke Jens (GER)"]
[Result "0-1"]
[WhiteElo "2312"]
[BlackElo "2309"]

1.e4 e5 2.Nf3 Nc6 3.Bb5 a6 4.Ba4 Nf6 5.O-O Be7 6.Re1 b5 7.Bb3 O-O 8.c3 d6 9.h3
Nb8 10.d4 Nbd7 11.Bg5 Bb7 12.Nbd2 h6 13.Bh4 c5 14.Bg3 Qc7 15.Nh4 Rfe8 16.f4
cxd4 17.cxd4 exf4 18.Bxf4 Nxe4 19.Qh5 Bxh4 20.Bxf7+ Kh8 21.Qxh4 Rf8 22.Nxe4
Bxe4 23.Bb3 Nf6 24.Bg5 Bg6 25.Re3 Qd7 26.Rae1 Qf5 27.Bf4 Nd5 28.Bxd5 Qxd5
29.Bg3 Rac8 30.R1e2 Rc1+ 31.Kh2 Rff1 32.Re1 Rc2 33.R1e2 Rxe2 34.Rxe2 Qf5
35.Rf2 Rxf2 36.Bxf2 {#R} 0-1

[Event "It (open)"]
[Site "masterchessopen.com Lugano (Switzerland)"]
[Round "0"]
[White "Riemersma Liafbern (NED)"]
[Black "Luetke Jens (GER)"]
[Result "1-0"]
[WhiteElo "2420"]
[BlackElo "2309"]

1.e4 e5 2.Nf3 Nc6 3.Bb5 a6 4.Ba4 Nf6 5.O-O Be7 6.Re1 b5 7.Bb3 O-O 8.c3 d6 9.h3
Nb8 10.d4 Nbd7 11.Nbd2 Bb7 12.Bc2 Re8 13.a4 Bf8 14.b4 a5 15.Rb1 c6 16.bxa5
Qxa5 17.Nc4 bxc4 18.Rxb7 Reb8 19.Rxb8 Rxb8 20.Bd2 Be7 21.Qa1 Nb6 22.Rb1 Nfd7
23.Be3 Ra8 24.Qb2 Nxa4 25.Qb7 Ra7 26.Qc8+ Nf8 27.dxe5 Nxc3 28.Bxa7 Nxb1 29.Qb7
Na3 30.Qxe7 Nxc2 31.exd6 Qa1+ 32.Kh2 Qf6 33.Ne5 c3 34.Ng4 Qe6 35.Bc5 Qc8
36.Ne5 Ne1 37.Qxf7+ Kh8 38.Bd4 {#r} 1-0

[Event "Ch Sweden (corr.)"]
[Site "masterchessopen.com Sweden"]
[Round "4"]
[White "Knoppel Bjorn (SWE)"]
[Black "Hultin Per (SWE)"]
[Result "0-1"]
[WhiteElo "1795"]
[BlackElo "2102"]

1.e4 e5 2.Nf3 Nc6 3.Bb5 a6 4.Ba4 Nf6 5.O-O Be7 6.Re1 b5 7.Bb3 O-O 8.c3 d6 9.h3
Nb8 10.d4 Nbd7 11.Nbd2 Bb7 12.Bc2 c5 13.Nf1 Re8 14.Ng3 Bf8 15.d5 g6 16.a4 Qc7
{#R} 0-1

[Event "It"]
[Site "masterchessopen.com Sydney (Australia)"]
[Round "2"]
[White "Wohl Aleksandar H (AUS)"]
[Black "Solomon Stephen J (AUS)"]
[Result "0-1"]
[WhiteElo "2408"]
[BlackElo "2384"]

1.e4 e5 2.Nf3 Nc6 3.Bb5 a6 4.Ba4 Nf6 5.O-O Be7 6.Re1 b5 7.Bb3 d6 8.c3 O-O 9.h3
Nb8 10.d4 Nbd7 11.a4 Bb7 12.Nbd2 c5 13.Bc2 Re8 14.Nf1 d5 15.dxe5 Nxe4 16.Bf4
f6 17.Ne3 fxe5 18.Nxd5 Nxf2 19.Kxf2 exf4 20.Nxe7+ Rxe7 21.Qd3 g6 22.Rxe7 Qxe7
23.Re1 Qd8 24.axb5 axb5 25.Qxb5 Bxf3 26.Kxf3 Qh4 27.Re4 Qg3+ 28.Ke2 Qxg2+
29.Kd3 Qf1+ 30.Re2 f3 {#R} 0-1

[Event "It (open)"]
[Site "masterchessopen.com Uzes (France)"]
[Round "0"]
[White "Muller Anne (FRA)"]
[Black "Ladisic Alex-Sacha (FRA)"]
[Result "0-1"]
[WhiteElo "2141"]
[BlackElo "2041"]

1.e4 e5 2.Nf3 Nc6 3.Bb5 a6 4.Ba4 Nf6 5.O-O Be7 6.Re1 b5 7.Bb3 d6 8.c3 O-O 9.h3
Nb8 10.d4 Nbd7 11.Nbd2 Bb7 12.Bc2 c5 13.Nf1 Re8 14.Ng3 Bf8 15.b3 Qc7 16.Bb2
Rac8 17.Rc1 Qb8 18.Qd2 cxd4 19.cxd4 Qa8 20.d5 g6 21.h4 Ng4 22.Qe2 Ndf6 23.Rcd1
Qa7 24.Bb1 a5 25.Bc1 b4 26.Bd3 Rc3 27.Bc4 Bh6 28.Bb2 Bf4 29.Nf1 Nxe4 30.Nd4
Nexf2 31.Bxc3 bxc3 32.Rb1 Rf8 33.g3 Qxd4 {#R} 0-1

[Event "corr."]
[Site "masterchessopen.com Yugoslavia"]
[Round "0"]
[White "Zahariev Zahari (BUL)"]
[Black "Prskalo Zoran (CRO)"]
[Result "1-0"]
[WhiteElo "2398"]
[BlackElo "2020"]

1.e4 e5 2.Nf3 Nc6 3.Bb5 a6 4.Ba4 Nf6 5.O-O Be7 6.Re1 b5 7.Bb3 O-O 8.c3 d6 9.h3
Nb8 10.d4 Nbd7 11.Nbd2 Bb7 12.Bc2 Re8 13.Nf1 d5 14.Nxe5 Nxe4 15.Nxf7 Kxf7
16.Rxe4 Nf6 17.Re2 Qd7 18.Bg5 h6 19.Bf4 Nh5 20.Rxe7+ Rxe7 21.Qxh5+ {#r} 1-0

[Event "?"]
[Site "masterchessopen.com Bratto (Italy)"]
[Round "0"]
[White "Di Fonzo Valerio (ITA)"]
[Black "Mascheroni Maurizio (ITA)"]
[Result "1-0"]
[WhiteElo "2154"]
[BlackElo "2052"]

1.e4 e5 2.Nf3 Nc6 3.Bb5 a6 4.Ba4 Nf6 5.O-O Be7 6.Re1 b5 7.Bb3 d6 8.c3 O-O 9.h3
Nb8 10.d4 Nbd7 11.Nbd2 Bb7 12.Bc2 Re8 13.Nf1 Bf8 14.Ng3 g6 15.a4 c5 16.dxe5
dxe5 17.Qe2 Bc6 18.Rd1 Qc7 19.Bg5 h6 20.Be3 Qb7 21.Nh2 Rad8 22.Ng4 Kh7 23.Qf3
Bg7 24.axb5 axb5 25.Nxf6+ Bxf6 26.Rxd7 Rxd7 27.Qxf6 c4 28.Bxh6 Rg8 29.Qh4 {#r}
1-0

[Event "It"]
[Site "masterchessopen.com Eger (Hungary)"]
[Round "0"]
[White "Madl Ildiko (HUN)"]
[Black "Kovacs Adalbert (HUN)"]
[Result "1-0"]
[WhiteElo "2399"]
[BlackElo "2037"]

1.e4 e5 2.Nf3 Nc6 3.Bb5 a6 4.Ba4 Nf6 5.O-O Be7 6.Re1 b5 7.Bb3 d6 8.c3 O-O 9.h3
Nb8 10.d4 Nbd7 11.Nbd2 Bb7 12.Bc2 Re8 13.b4 Bf8 14.Bb2 c6 15.a3 g6 16.Bb3 Bg7
17.Qc2 Qc7 18.c4 Rac8 19.c5 d5 20.Nxe5 Nxe5 21.dxe5 Nh5 22.exd5 cxd5 23.Nf3
Nf4 24.Qd2 Ne6 25.Ng5 Re7 26.Nxe6 fxe6 27.f4 Rf8 28.Rf1 Ref7 29.Bd4 Bc6 30.h4
Qe7 31.g3 Bh8 32.Bc2 Rg7 33.Rf2 h5 34.Qe2 Qf7 35.Bd3 Qe8 36.Qc2 Rf5 {#r} 1-0

[Event "It"]
[Site "masterchessopen.com Eger (Hungary)"]
[Round "0"]
[White "Meszaros Andras (HUN)"]
[Black "Kovacs Adalbert (HUN)"]
[Result "1-0"]
[WhiteElo "2302"]
[BlackElo "2037"]

1.e4 e5 2.Nf3 Nc6 3.Bb5 a6 4.Ba4 Nf6 5.O-O Be7 6.Re1 b5 7.Bb3 d6 8.c3 O-O 9.h3
Nb8 10.d4 Nbd7 11.c4 c6 12.c5 Qc7 13.cxd6 Bxd6 14.Bg5 Bb7 15.dxe5 Bxe5 16.Nc3
h6 17.Nxe5 Qxe5 18.Bh4 Qh5 19.Bxf6 Nxf6 20.e5 Rad8 21.Qxh5 Nxh5 22.Ne4 Nf4
23.Nd6 Ba8 24.Rad1 Nd5 25.f4 f6 26.Rc1 fxe5 27.fxe5 Rd7 28.Re3 Kh8 29.Bxd5
cxd5 30.Rf3 Rb8 31.Rfc3 Kg8 32.Rc8+ Rd8 33.Rxb8 Rxb8 34.e6 {#r} 1-0

[Event "Olympiad"]
[Site "masterchessopen.com Novi Sad (Yugoslavia)"]
[Round "0"]
[White "Short Nigel D (ENG)"]
[Black "Al-Ghasra Ali (BRN)"]
[Result "1-0"]
[WhiteElo "2610"]
[BlackElo "2108"]

1.e4 e5 2.Nf3 Nc6 3.Bb5 a6 4.Ba4 Nf6 5.O-O Be7 6.Re1 b5 7.Bb3 d6 8.c3 O-O 9.h3
Nb8 10.d4 Nbd7 11.Nbd2 Bb7 12.Bc2 Re8 13.Nf1 Bf8 14.Bg5 h6 15.Bh4 Be7 16.Bg3
Bf8 17.dxe5 Nxe5 18.Nxe5 dxe5 19.Qf3 Nh7 20.h4 Qf6 21.Qe2 Qc6 22.a4 Nf6
23.axb5 axb5 24.Rxa8 Bxa8 25.Bd3 Re6 26.Nd2 b4 27.Bc4 bxc3 28.bxc3 Rd6 29.Nf3
Qxe4 30.Qa2 Qc6 31.Bxf7+ Kh8 32.Bxe5 Rd3 33.Bxf6 Rxf3 34.Re8 Rxf6 35.Rxf8+ Kh7
36.Qxa8 Qxa8 37.Bg8+ {#r} 1-0

[Event "It"]
[Site "masterchessopen.com Belgrade (Yugoslavia)"]
[Round "10"]
[White "Marinkovic Slavisa (SRB)"]
[Black "Ziatdinov Raset (USA)"]
[Result "1-0"]
[WhiteElo "2414"]
[BlackElo "2415"]

1.e4 e5 2.Nf3 Nc6 3.Bb5 a6 4.Ba4 Nf6 5.O-O Be7 6.Re1 b5 7.Bb3 d6 8.c3 O-O 9.h3
Nb8 10.d4 Nbd7 11.Nbd2 Bb7 12.Bc2 Re8 13.Nf1 Bf8 14.Ng3 g6 15.a4 c6 16.Bg5 h6
17.Be3 Qc7 18.Bd3 Rad8 19.Qc2 Bg7 20.axb5 axb5 21.dxe5 Nxe5 22.Nxe5 dxe5 23.c4
bxc4 24.Bxc4 Rd7 25.Ra7 Qc8 26.Qb3 Nh7 27.Rea1 Nf8 28.R7a4 Ne6 29.Bxe6 fxe6
{#r} 1-0

[Event "It (open) \"]
[Site "masterchessopen.com Bratislava (Slovakia)"]
[Round "3"]
[White "Simon Peter (HUN)"]
[Black "Okos Alexander (SVK)"]
[Result "1-0"]
[WhiteElo "1899"]
[BlackElo "2085"]

1.e4 e5 2.Nf3 Nc6 3.Bb5 a6 4.Ba4 Nf6 5.O-O Be7 6.Re1 b5 7.Bb3 d6 8.c3 O-O 9.h3
Nb8 10.d4 Nbd7 11.Nbd2 Bb7 12.Bc2 Re8 13.b4 Bf8 14.a4 h6 15.axb5 axb5 16.Rxa8
Qxa8 17.Qe2 Qa1 18.Qd3 exd4 19.Nxd4 Bxe4 20.Nxe4 Rxe4 21.Rd1 Re8 22.Nxb5 c6
23.Nd4 Ne5 24.Qg3 Nh5 25.Qe3 Qa8 26.Nf5 Nf6 27.Qg3 Ng6 28.Nxd6 Nh5 29.Qd3 Nhf4
30.Bxf4 {#r} 1-0

[Event "It \"]
[Site "masterchessopen.com Budapest (Hungary)"]
[Round "7"]
[White "Zagrebelny Sergey (UZB)"]
[Black "Sinkovics Peter (HUN)"]
[Result "0-1"]
[WhiteElo "2490"]
[BlackElo "2317"]

1.e4 e5 2.Nf3 Nc6 3.Bb5 a6 4.Ba4 Nf6 5.O-O Be7 6.Re1 b5 7.Bb3 d6 8.c3 O-O 9.h3
Nb8 10.d4 Nbd7 11.Nbd2 Bb7 12.Bc2 Re8 13.Nf1 Bf8 14.Ng3 g6 15.a4 c5 16.d5 c4
17.Bg5 h6 18.Be3 Nc5 19.Qd2 h5 20.Ng5 Nh7 21.Nxh7 Kxh7 22.f4 exf4 23.Bxf4 Bg7
24.Nxh5 gxh5 25.Bxd6 Nb3 26.e5+ Kg8 27.Qf4 Nxa1 28.Rxa1 Rxe5 29.Bxe5 Qxd5
30.Qf2 Qxe5 31.Re1 Qf6 32.Qc5 Qc6 33.Qg5 Re8 34.Rd1 Qxg2+ {#R} 0-1

[Event "Bundesliga 1990/91 (2nd)"]
[Site "masterchessopen.com Germany"]
[Round "0"]
[White "Pfrommer Christoph (GER)"]
[Black "Zude Arno (GER)"]
[Result "0-1"]
[WhiteElo "2353"]
[BlackElo "2431"]

1.e4 e5 2.Nf3 Nc6 3.Bb5 a6 4.Ba4 Nf6 5.O-O Be7 6.Re1 b5 7.Bb3 d6 8.c3 O-O 9.h3
Nb8 10.d4 Nbd7 11.Nbd2 Bb7 12.a3 c5 13.dxe5 dxe5 14.Bc2 Qc7 15.b3 Rfd8 16.Qe2
Nf8 17.Bb2 Ne6 18.a4 Rab8 19.axb5 axb5 20.Ra7 Bd6 21.Rea1 Qc8 22.Qe3 Bc7
23.Ng5 Bb6 24.R7a2 c4 25.Qxb6 Rxd2 26.Bc1 Rxc2 27.Rxc2 Bxe4 28.Qxb8 Qxb8
29.Nxe4 Nxe4 30.Rca2 Nc7 31.bxc4 bxc4 32.Ra4 Nxc3 33.Rxc4 N3d5 34.Be3 h6 {#R}
0-1

[Event "Memorial J.Capablanca (c)"]
[Site "masterchessopen.com Habana (Cuba)"]
[Round "0"]
[White "Leyva Hector (ESA)"]
[Black "Rivera Alberto (CUB)"]
[Result "0-1"]
[WhiteElo "2384"]
[BlackElo "2389"]

1.e4 e5 2.Nf3 Nc6 3.Bb5 a6 4.Ba4 Nf6 5.O-O Be7 6.Re1 b5 7.Bb3 d6 8.c3 O-O 9.h3
Nb8 10.d4 Nbd7 11.Nbd2 Bb7 12.Bc2 Re8 13.Nf1 h6 14.Ng3 Bf8 15.a4 c5 16.d5 c4
17.Be3 g6 18.Qd2 h5 19.Reb1 Qc7 20.b4 cxb3 21.Rxb3 bxa4 22.Rxa4 Reb8 23.Rba3
Be7 24.Bd3 Nc5 25.Bxc5 Qxc5 26.Qa2 Qc7 27.Nf1 Nd7 28.Ra5 Nc5 29.Bc2 Bd8
30.N1d2 Qc8 31.Nc4 Qc7 32.Nfxe5 dxe5 33.d6 Qc8 {#R} 0-1

[Event "It (open)"]
[Site "masterchessopen.com Hamburg (Germany)"]
[Round "6"]
[White "Stockfleth Ron (GER)"]
[Black "Zieher Hartmut (GER)"]
[Result "1-0"]
[WhiteElo "2149"]
[BlackElo "2239"]

1.e4 e5 2.Nf3 Nc6 3.Bb5 a6 4.Ba4 Nf6 5.O-O Be7 6.Re1 b5 7.Bb3 d6 8.c3 O-O 9.h3
Nb8 10.d4 Nbd7 11.a4 Bb7 12.Nbd2 Re8 13.Bc2 Bf8 14.Bd3 c6 15.Nf1 g6 16.Ng3 Bg7
17.Bg5 h6 18.Bd2 Kh7 19.Qc1 Qc7 20.h4 bxa4 21.Rxa4 c5 22.d5 Nb6 23.Ra3 c4
24.Bf1 a5 25.Qc2 a4 26.Be3 Nfd7 27.h5 Ba6 28.Nh2 Nc5 29.Qd2 Nb3 30.Qd1 Bb5
31.Qg4 Nd7 32.hxg6+ fxg6 33.Qh4 Qd8 34.Qh3 Nf6 35.Bg5 Rf8 36.Ng4 Bd7 37.Bxf6
{#r} 1-0

[Event "It (open)"]
[Site "masterchessopen.com Kavala (Greece)"]
[Round "0"]
[White "Wahls Matthias (GER)"]
[Black "Vlassis Georgios (GRE)"]
[Result "1-0"]
[WhiteElo "2560"]
[BlackElo "2099"]

1.e4 e5 2.Nf3 Nc6 3.Bb5 a6 4.Ba4 Nf6 5.O-O Be7 6.Re1 b5 7.Bb3 d6 8.c3 O-O 9.h3
Nb8 10.d4 Nbd7 11.a4 Bb7 12.Bc2 c5 13.Nbd2 Re8 14.d5 c4 15.b4 cxb3 16.Nxb3
bxa4 17.Rxa4 Nb6 18.Ra2 Nc4 19.Bd3 Qc7 20.Qe2 Rec8 21.Nfd2 Bxd5 22.exd5 Nxd5
23.Qe4 {#r} 1-0

[Event "It (open)"]
[Site "masterchessopen.com Miedzybrodzie (Poland)"]
[Round "0"]
[White "Brodsky Michail (UKR)"]
[Black "Balashov Yuri S (RUS)"]
[Result "1-0"]
[WhiteElo "2415"]
[BlackElo "2590"]

1.e4 e5 2.Nf3 Nc6 3.Bb5 a6 4.Ba4 Nf6 5.O-O Be7 6.Re1 b5 7.Bb3 d6 8.c3 O-O 9.h3
Nb8 10.d4 Nbd7 11.Nbd2 Bb7 12.Bc2 Re8 13.a4 Bf8 14.Bd3 b4 15.a5 d5 16.exd5
exd4 17.Rxe8 Qxe8 18.c4 Nc5 19.Nb3 Nxd3 20.Qxd3 c6 21.dxc6 Bxc6 22.Nfxd4 Qd7
23.Be3 Be4 24.Qf1 Bd6 25.Rc1 Qe7 26.c5 Bc7 27.Nd2 Bd5 28.Nc4 h6 29.Nf5 Qe6
30.Nfd6 Rd8 31.Nb6 Bxd6 32.cxd6 Be4 33.Qxa6 Qxd6 34.Qc4 Nh5 35.Qxe4 {#r} 1-0

[Event "It (open)"]
[Site "masterchessopen.com Miedzybrodzie (Poland)"]
[Round "0"]
[White "Pedzich Dominik (POL)"]
[Black "Zielinski Marek (POL)"]
[Result "1-0"]
[WhiteElo "2385"]
[BlackElo "2275"]

1.e4 e5 2.Nf3 Nc6 3.Bb5 a6 4.Ba4 Nf6 5.O-O Be7 6.Re1 b5 7.Bb3 d6 8.c3 O-O 9.h3
Nb8 10.d4 Nbd7 11.a4 Bb7 12.Bc2 Re8 13.Na3 Bf8 14.Bg5 c6 15.Nd2 h6 16.Be3 g6
17.f4 Bg7 18.Qf3 exd4 19.cxd4 Rb8 20.Rad1 Qc7 21.axb5 axb5 22.Bd3 Ra8 23.Bf2
Qb8 24.Bb1 Nh7 25.Qb3 Nhf6 26.e5 Nd5 27.Ne4 Bf8 28.f5 dxe5 29.fxg6 fxg6
30.dxe5 Nxe5 31.Nf6+ Kf7 32.Nxe8 Qxe8 33.Qc2 Bg7 34.Rxe5 Qxe5 35.Qxg6+ Kf8
36.Bc5+ Ne7 37.Rf1+ Kg8 38.Qh7# 1-0

[Event "It (cat.10)"]
[Site "masterchessopen.com Sydney (Australia)"]
[Round "0"]
[White "Wang Zili (CHN)"]
[Black "Solomon Stephen J (AUS)"]
[Result "0-1"]
[WhiteElo "2488"]
[BlackElo "2420"]

1.e4 e5 2.Nf3 Nc6 3.Bb5 a6 4.Ba4 Nf6 5.O-O Be7 6.Re1 b5 7.Bb3 O-O 8.c3 d6 9.h3
Nb8 10.d4 Nbd7 11.Nbd2 Bb7 12.Bc2 Re8 13.b4 Bf8 14.a4 Nb6 15.a5 Nbd7 16.Bb2
Rb8 17.Qb1 Ba8 18.Qa2 g6 19.Rad1 c6 20.dxe5 Nxe5 21.Nxe5 dxe5 22.Nf3 Qc7
23.Bb3 Kg7 24.Ng5 h6 25.Nxf7 c5 26.bxc5 Bxc5 27.Bc1 g5 28.Qd2 Nxe4 29.Rxe4
Bxe4 30.Nxg5 hxg5 31.Qxg5+ Kh8 32.Qg4 Qh7 33.Bg5 Rf8 34.Rd7 Qxd7 35.Qxe4 Bxf2+
36.Kh2 Qf5 37.Bc2 Qxe4 {#R} 0-1

[Event "It (open)"]
[Site "masterchessopen.com Bled (Slovenia)"]
[Round "4"]
[White "Riegler Primoz (SLO)"]
[Black "Mazi Leon (SLO)"]
[Result "1-0"]
[WhiteElo "2309"]
[BlackElo "2352"]

1.e4 e5 2.Nf3 Nc6 3.Bb5 a6 4.Ba4 Nf6 5.O-O Be7 6.Re1 b5 7.Bb3 d6 8.c3 O-O 9.h3
Nb8 10.d4 Nbd7 11.Nbd2 Bb7 12.Bc2 Re8 13.Nf1 Bf8 14.Ng3 g6 15.a4 c5 16.d5 c4
17.Bg5 h6 18.Be3 Nc5 19.Qd2 h5 20.Ra3 Nxa4 21.Bxa4 bxa4 22.Rxa4 Rc8 23.Rb4 Qd7
24.Ra1 Be7 25.Qc2 h4 26.Nf1 Nxd5 27.exd5 Bxd5 28.Rxa6 Bxf3 29.gxf3 Qxh3 30.Qe4
Qe6 31.Rb5 Kg7 32.f4 f6 33.fxe5 fxe5 34.Rxe5 Qf7 35.Re6 {#r} 1-0

[Event "It (open) \"]
[Site "masterchessopen.com Buenos Aires (Argentina)"]
[Round "1"]
[White "Pierrot Facundo (ARG)"]
[Black "Mayo Raul (ARG)"]
[Result "1-0"]
[WhiteElo "2454"]
[BlackElo "2157"]

1.e4 e5 2.Nf3 Nc6 3.Bb5 a6 4.Ba4 Nf6 5.O-O Be7 6.Re1 b5 7.Bb3 O-O 8.c3 d6 9.h3
Nb8 10.d4 Nbd7 11.Nbd2 Bb7 12.Bc2 Re8 13.Nf1 Bf8 14.Ng3 g6 15.a4 c6 16.Bg5 h6
17.Be3 Qc7 18.b3 Bg7 19.Qd2 Kh7 20.Nh2 d5 21.exd5 Nxd5 22.Nh5 Nxe3 23.Nxg7
Kxg7 24.Rxe3 Nf6 25.Ng4 Nxg4 26.hxg4 exd4 27.Qxd4+ Kh7 28.Rae1 Rxe3 29.Rxe3
Rd8 30.Qf6 Rd6 31.Re7 {#r} 1-0

[Event "It (open)"]
[Site "masterchessopen.com Eger (Hungary)"]
[Round "0"]
[White "Meszaros Andras (HUN)"]
[Black "Sinkovics Peter (HUN)"]
[Result "1-0"]
[WhiteElo "2302"]
[BlackElo "2317"]

1.e4 e5 2.Nf3 Nc6 3.Bb5 a6 4.Ba4 Nf6 5.O-O Be7 6.Re1 b5 7.Bb3 d6 8.c3 O-O 9.h3
Nb8 10.d4 Nbd7 11.c4 Bb7 12.Nc3 c6 13.c5 exd4 14.cxd6 Bxd6 15.Qxd4 Bc5 16.Qd3
Qb6 17.Qc2 a5 18.a3 Rae8 19.Bg5 h6 20.Bh4 Be7 21.Rad1 Nc5 22.Ba2 b4 23.axb4
axb4 24.e5 Nh7 25.Na4 b3 26.Qxh7+ Kxh7 27.Bb1+ {#r} 1-0

[Event "Ch \"]
[Site "masterchessopen.com Moscow (Russia)"]
[Round "0"]
[White "Stepanov Pavel (RUS)"]
[Black "Bokan Danko (SRB)"]
[Result "1-0"]
[WhiteElo "2375"]
[BlackElo "2227"]

1.e4 e5 2.Nf3 Nc6 3.Bb5 a6 4.Ba4 Nf6 5.O-O Be7 6.Re1 b5 7.Bb3 O-O 8.c3 d6 9.h3
Nb8 10.d4 Nbd7 11.a4 Bb7 12.Bc2 Re8 13.axb5 axb5 14.Rxa8 Qxa8 15.Na3 c6 16.Nh2
Bf8 17.f4 exf4 18.Bxf4 d5 19.e5 Ne4 20.Qf3 f6 21.Ng4 fxe5 22.Nxe5 Nxe5 23.Bxe5
Bxa3 24.Rxe4 Bd6 25.Rh4 Qa1+ 26.Kh2 Qe1 27.Bxh7+ Kh8 28.Rh5 Rxe5 29.dxe5 Bxe5+
30.g3 Qd2+ 31.Qg2 Bxg3+ 32.Kxg3 Qe3+ 33.Qf3 Qg1+ 34.Kh4 Qe1+ 35.Kg4 Qg1+
36.Qg3 Qe1 37.Kh4 g5+ {#r} 1-0

[Event "Ch Czechoslovakia (w) (open)"]
[Site "masterchessopen.com Ostrava (Czech Republic)"]
[Round "0"]
[White "Jankurova Julia (SVK)"]
[Black "Holoubkova Martina (CZE)"]
[Result "0-1"]
[WhiteElo "2050"]
[BlackElo "2268"]

1.e4 e5 2.Nf3 Nc6 3.Bb5 a6 4.Ba4 Nf6 5.O-O Be7 6.Re1 b5 7.Bb3 O-O 8.c3 d6 9.h3
Nb8 10.d4 Nbd7 11.Nbd2 Bb7 12.Bc2 Re8 13.Nf1 Bf8 14.Ng3 g6 15.Bg5 h6 16.Bc1 c5
17.b3 d5 18.dxe5 Nxe4 19.Nxe4 dxe4 20.Nd2 Nxe5 21.Nxe4 Qh4 22.Qd2 f5 23.f4 Nf7
24.g3 Qe7 {#R} 0-1

[Event "It (active)"]
[Site "masterchessopen.com Oviedo (Spain)"]
[Round "0"]
[White "Lucas Flavien (FRA)"]
[Black "Acebal Muniz Antonio (ESP)"]
[Result "0-1"]
[WhiteElo "2240"]
[BlackElo "2138"]

1.e4 e5 2.Nf3 Nc6 3.Bb5 a6 4.Ba4 Nf6 5.O-O Be7 6.Re1 b5 7.Bb3 d6 8.c3 O-O 9.h3
Nb8 10.d4 Nbd7 11.Nbd2 Bb7 12.Bc2 Re8 13.Nf1 Bf8 14.Ng3 g6 15.a4 c5 16.b3 cxd4
17.cxd4 Bg7 18.d5 Qc7 19.Bd2 Nc5 20.a5 Rac8 21.b4 Ne6 22.Bb3 Nf4 23.Qb1 Qe7
24.Ra2 Rc7 25.Rc1 Rec8 26.Rac2 Qd8 27.Ne1 h5 28.Rxc7 Rxc7 29.Rxc7 Qxc7 30.Kf1
Bc8 31.f3 h4 32.Ne2 N4h5 33.Nd3 g5 {#R} 0-1

[Event "Ch St. Petersburg (open)"]
[Site "masterchessopen.com St. Petersburg (Russia)"]
[Round "0"]
[White "Petelin Andrei (RUS)"]
[Black "Yemelin Vasily (RUS)"]
[Result "0-1"]
[WhiteElo "2415"]
[BlackElo "2568"]

1.e4 e5 2.Nf3 Nc6 3.Bb5 a6 4.Ba4 Nf6 5.O-O Be7 6.Re1 b5 7.Bb3 d6 8.c3 O-O 9.h3
Nb8 10.d4 Nbd7 11.Bg5 Bb7 12.Nbd2 h6 13.Bh4 Re8 14.Nh2 exd4 15.cxd4 Nxe4
16.Qh5 Bxh4 17.Ng4 Ndf6 18.Bxf7+ Kf8 19.Qg6 Nxg4 20.Nxe4 Rxe4 21.hxg4 Bxf2+
22.Kxf2 {#R} 0-1

[Event "Ch World (juniors) (under 20) (g)"]
[Site "masterchessopen.com Buenos Aires (Argentina)"]
[Round "0"]
[White "Calzetta Monica (ESP)"]
[Black "Ambats Jessica (USA)"]
[Result "1-0"]
[WhiteElo "2301"]
[BlackElo "2090"]

1.e4 e5 2.Nf3 Nc6 3.Bb5 a6 4.Ba4 Nf6 5.O-O Be7 6.Re1 b5 7.Bb3 d6 8.c3 O-O 9.h3
Nb8 10.d4 Nbd7 11.Nbd2 Bb7 12.Bc2 Re8 13.Nf1 Bf8 14.Ng3 g6 15.a4 c5 16.Bg5 h6
17.Bc1 Bg7 18.axb5 axb5 19.Rxa8 Qxa8 20.dxe5 dxe5 21.Nh2 Rd8 22.Qf3 c4 23.Qe3
Qc8 24.Rd1 Bf8 25.Qf3 Qc7 26.Be3 Ra8 27.Ng4 Nxg4 28.Qxg4 Rd8 29.Qh4 Kh7 30.Nf1
Re8 31.Nh2 h5 32.Nf3 Be7 33.Ng5+ Kg7 34.g4 Rh8 35.Ne6+ Kg8 36.Qxe7 fxe6
37.Rxd7 {#r} 1-0

[Event "It (open) \"]
[Site "masterchessopen.com London (England)"]
[Round "0"]
[White "Howell James C (ENG)"]
[Black "Van Der Sterren Paul (NED)"]
[Result "0-1"]
[WhiteElo "2470"]
[BlackElo "2525"]

1.e4 e5 2.Nf3 Nc6 3.Bb5 a6 4.Ba4 Nf6 5.O-O Be7 6.Re1 b5 7.Bb3 d6 8.c3 O-O 9.h3
Nb8 10.d4 Nbd7 11.c4 c6 12.a3 bxc4 13.Bxc4 Nxe4 14.dxe5 d5 15.Bd3 Ndc5 16.Bc2
f5 17.exf6 Bxf6 18.Nbd2 Nxf2 19.Kxf2 Bd4+ 20.Re3 Qh4+ 21.Ke2 Qg3 22.Qg1 Bxe3
23.Qxe3 Qxg2+ 24.Kd1 Bxh3 25.Qxc5 Rxf3 26.Nxf3 Bg4 27.Bxh7+ Kh8 28.Bd2 Qxf3+
29.Kc2 Kxh7 30.Qe3 Bf5+ 31.Kb3 Qg4 32.Rh1+ Kg8 33.Qf4 c5 34.Ka2 Qxf4 35.Bxf4
Kf7 {#R} 0-1

[Event "Ch Netherlands (team)"]
[Site "masterchessopen.com Netherlands"]
[Round "8"]
[White "Riemersma Liafbern (NED)"]
[Black "Van Der Sterren Paul (NED)"]
[Result "1-0"]
[WhiteElo "2420"]
[BlackElo "2525"]

1.e4 e5 2.Nf3 Nc6 3.Bb5 a6 4.Ba4 Nf6 5.O-O Be7 6.Re1 b5 7.Bb3 d6 8.c3 O-O 9.h3
Nb8 10.d4 Nbd7 11.Nbd2 Bb7 12.Bc2 Re8 13.Nf1 Bf8 14.Ng3 g6 15.b3 Bg7 16.a4 d5
17.axb5 axb5 18.Rxa8 Qxa8 19.dxe5 Nxe4 20.Nxe4 dxe4 21.Bxe4 Bxe4 22.Qxd7 Bxf3
23.gxf3 Bxe5 24.Kg2 Rd8 25.Qxb5 Bxc3 26.Re7 Rd5 27.Qc4 Ba1 28.Bh6 c6 29.Qa4
{#r} 1-0

[Event "Ch Europe (juniors) (under 14)"]
[Site "masterchessopen.com Szombathely (Hungary)"]
[Round "0"]
[White "Dambacher Martijn (NED)"]
[Black "Njirjak Josip (CRO)"]
[Result "1-0"]
[WhiteElo "2496"]
[BlackElo "2378"]

1.e4 e5 2.Nf3 Nc6 3.Bb5 a6 4.Ba4 Nf6 5.O-O Be7 6.Re1 b5 7.Bb3 d6 8.c3 O-O 9.h3
Nb8 10.d4 Nbd7 11.Nbd2 Bb7 12.a4 c5 13.Bc2 cxd4 14.cxd4 Qc7 15.Bd3 exd4
16.Nxd4 Nc5 17.Qc2 bxa4 18.Rxa4 Qd7 19.Ra1 Nxd3 20.Qxd3 d5 21.Nf5 Nxe4 22.Nxg7
Kxg7 23.Rxe4 Bf6 24.Nf3 Kh8 25.Rf4 Qe6 26.Be3 Rg8 27.Rxf6 Qxh3 28.g3 Rxg3+
29.fxg3 Qxg3+ 30.Kf1 Rg8 31.Bd4 Qh3+ 32.Ke2 {#r} 1-0

[Event "Tournament (team)"]
[Site "masterchessopen.com Winnipeg (Canada)"]
[Round "0"]
[White "Rasmussen Barry (CAN)"]
[Black "Kaptsan Aron (CAN)"]
[Result "1-0"]
[WhiteElo "2240"]
[BlackElo "2043"]

1.e4 e5 2.Nf3 Nc6 3.Bb5 a6 4.Ba4 Nf6 5.O-O Be7 6.Re1 b5 7.Bb3 d6 8.c3 O-O 9.h3
Nb8 10.d4 Nbd7 11.c4 c6 12.Nc3 Bb7 13.c5 exd4 14.cxd6 Bxd6 15.Nxd4 Qc7 16.Nf5
Be5 17.Bg5 Nc5 18.f4 Bxc3 19.bxc3 Rad8 20.Qc2 Ne6 21.e5 Nxg5 22.exf6 Qxf4
23.h4 Nf3+ 24.gxf3 Rd2 25.Qxd2 Qxd2 26.fxg7 Rb8 27.Re7 h5 28.Rxf7 {#r} 1-0